Well-designed. How to use empathy to create products people love.

Kaydedildi:
Detaylı Bibliyografya
Yazar: Kolko, Jon (Yazar)
Materyal Türü: Kitap
Baskı/Yayın Bilgisi: Boston, Massachusetts, USA: Harvard Business Review Press, 2014.
Konular:
Etiketler: Etiketle
Etiket eklenmemiş, İlk siz ekleyin!

MARC

LEADER 00000nam a22000007a 4500
003 CL-VaPUC
005 20220824125521.0
008 220802t2014 ||||| |||| 00| 0 eng d
999 |c 437855  |d 437853 
020 |a 978-1-62527-479-3 (hardback) 
040 |c Pontificia Universidad Católica de Valparaíso 
082 |a 658.5 KOL 2014 
100 1 |a Kolko, Jon  |e author  |9 874580 
245 |a Well-designed.  |b How to use empathy to create products people love. 
260 |a Boston, Massachusetts, USA:   |b Harvard Business Review Press,  |c 2014. 
300 |a 234 páginas. 
500 |a c.1 Donación Francisco Vera Muñoz. Titulado Diseño. ARQ 08/2021. 11/07/2022 
583 |c 20220802  |k Catalogador Asistente 
650 |a Diseño de producto  |9 534903 
650 |a Investigación de mercado   |9 332310 
650 |a Consumidores   |x Comportamiento  |9 874983 
942 |2 ddc  |c BK 
952 |0 0  |1 0  |2 ddc  |4 0  |6 658_500000000000000_KOL_2014  |7 0  |8 A  |9 585702  |a BIBARQ  |b BIBARQ  |c GEN  |d 2022-08-02  |e Donación  |i 5653743  |l 1  |o 658.5 KOL 2014  |p 5653743  |r 2025-01-20  |s 2022-10-19  |t 1  |w 2022-08-02  |y BK  |k ARQ